गाथा सप्तपदी (Record no. 436630)

MARC details
000 -LEADER
fixed length control field 00455nam a2200145Ia 4500
008 - FIXED-LENGTH DATA ELEMENTS--GENERAL INFORMATION
fixed length control field 100122s9999 xx 000 0 und d
082 ## - DEWEY DECIMAL CLASSIFICATION NUMBER
Item number 62241
Classification number 823
100 ## - MAIN ENTRY--PERSONAL NAME
Personal name मलोसे राजेंद्र
245 ## - TITLE STATEMENT
Title गाथा सप्तपदी
260 ## - PUBLICATION, DISTRIBUTION, ETC. (IMPRINT)
Name of publisher, distributor, etc देशमुख आणि कंपनी
Date of publication, distribution, etc 2002
300 ## - PHYSICAL DESCRIPTION
Extent 444
630 ## - SUBJECT ADDED ENTRY--UNIFORM TITLE
Uniform title गाथा सप्तपदी
730 ## - ADDED ENTRY--UNIFORM TITLE
Uniform title गाथा सप्तपदी
942 ## - ADDED ENTRY ELEMENTS (KOHA)
Koha item type Book
Holdings
Withdrawn status Lost status Damaged status Not for loan Home library Current library Date acquired Cost, normal purchase price Total Checkouts Full call number Barcode Date last seen Cost, replacement price Price effective from Koha item type Public note
        S.V. Pathak Library, Vile Parle S.V. Pathak Library, Vile Parle 11/30/2002 300.00   62241 SVPPARLE-62241 01/25/2010 300.00 01/25/2010 Book General NA